Statistics for Karl Marx Quiz

Click here to take the quiz!

General Stats

  • This quiz has been taken 18 times
  • The average score is 7 of 15

Answer Stats

HintAnswer% Correct
Three-volume work in which he analyzes capitalismDas Kapital
94%
Marx's closest friendFrederick Engels
94%
Country that Marx was born inGermany
94%
City he died and is buried inLondon
88%
They were both assigned to write this as a programme for the above PartyManifesto of the Communist Party
63%
At that time he was a follower of this German philosopherHegel
56%
Anarchist opponent of Marx in this organization who was finally ejectedMikhail Bakunin
44%
Fill in the blank from this famous quote of MarxThe {philosophers} have only interpreted the world, in various ways; the point is to change it.
44%
Marx was a key member as well as the author of the first Address of this organizationInternational Workingmen's Association
38%
Children they had together which surpassed the age of 10 (name one)Eleanor | Laura | Jenny Longuet
31%
Philosophy followed by the above which Marx later opposedIdealism
25%
They founded this political partyCommunist League
19%
Theory based upon their writingsDialectical materialism
19%
Marx graduated from university with a doctoral thesis on the philosophy of this Greek philosopherEpicurus
19%
Marx's wifeJenny von Westphalen
19%

Score Distribution

Percentile by Number Answered

Percent of People with Each Score

Your Score History

You have not taken this quiz